000 00413cam a2200169ua 4500
020 _c1.25
041 _ahin
_h
082 _a891.54
_bMAH/DA
100 _aMahathma, Thalhaya .
245 _aDarma aur sadhachar /
_cMahathma Thalhaya.
_hTextual Documents
260 _aDelhi :
_bSahitya prakashan ,
_c1957.
300 _a126 ; .
365 _a1.25
504 _a
942 _cBK
999 _c12781
_d12781